00447nam a2200109Ia 4500008004100000050002300041100003100064245010800095260008600203300002100289521002700310140724s9999 xx 000 0 und d aT 58.6b.V468 2014 aVentura, Miguel Antonio B. aPatient information system for Dr. Abigail Laurel-Suntay Pediatric Clinic /cMiguel Antonio B. Ventura. aLas Piñas, Philippines :bSouthville International School and Colleges,cc2014. a164 p. :c28 cm. aInformation Technology